000 00413nam a2200157Ia 4500
008 230711s9999||||xx |||||||||||||| ||und||
041 _aENG
082 _a624
_bWO-T
100 _aWorld Health Organisation
245 4 _aThe environmental radiation surveillance lab
250 _a1st
260 _c1970
_aNew Delhi
_bWorld Health Organisation Geneva
300 _a44
650 _aCivil Engineering
942 _cBK
999 _c2073
_d2073